000 00200 a2200097 4500
001 16811
100 _aKing, Stephen
245 _aDead zone
260 _a
_bNew american lib
_c
090 _c12675
_d12675
942 _aNUST-CAE
_cM
_c2975
999 _c251884
_d251884